aespa - Paroles Supernova - Statistiques

Statistiques générales
  • Ce quiz a été pris 18 fois
  • Le résultat moyen est 145 sur 203
Statistiques - réponses
Hint Réponse % Correct
Interlude Su
100%
(Huh)
100%
huh)
100%
Su
100%
su
100%
supernova
100%
Supernova
100%
Intro I'm
87%
kind
87%
like
87%
of
87%
oh,
87%
So
87%
so
87%
some
87%
a
80%
ah,
80%
ah)
80%
at
80%
Interlude Ah,
80%
Chorus Nova
80%
go
80%
Couplet 1 Look
80%
me
80%
me,
80%
(Nova)
80%
nova)
80%
out
80%
Watch
80%
ayy
73%
bang
73%
(Bang,
73%
bang,
73%
bang)
73%
body
73%
ho-o-o-ot,
73%
ho-o-o-ot
73%
hyperstellar
73%
(Hyperstellar)
73%
the
73%
Can't
67%
dying
67%
feel
67%
light
67%
(Light
67%
Make
67%
star
67%
star)
67%
stop
67%
bomb
60%
Bring
60%
(Bring
60%
discord
60%
Drop)
60%
core
53%
it
53%
right
53%
special
53%
to
53%
too
53%
about
47%
Don't
47%
explosion
47%
forget
47%
it's
47%
It's
47%
my
47%
name
47%
Tell
47%
tell
47%
tick,
47%
tick
47%
(Yeah
47%
yeah
47%
(All
40%
control,
40%
(Hey
40%
(Incoming;
40%
That
40%
that
40%
(Under
40%
queen
33%
scene
33%
way)
20%
(Nu
7%
thе
0%
Aucun quiz correspondant
Distribution des résultats
% des personnes avec chaque résultat
Percentile par nombre de réponses
Votre historique - résultats
Vous n’avez pas pris ce quiz